Normal view
MARC view
- MS-Bioinformatics
Entry Topical Term
001 - CONTROL NUMBER
- control field: 84380
003 - CONTROL NUMBER IDENTIFIER
- control field: NUST
005 - DATE AND TIME OF LATEST TRANSACTION
- control field: 20211117135106.0
008 - FIXED-LENGTH DATA ELEMENTS
- fixed length control field: 211117|| aca||aabn | a|a d
040 ## - CATALOGING SOURCE
- Original cataloging agency: NUST
- Transcribing agency: NUST
150 ## - HEADING--TOPICAL TERM
- Topical term or geographic name entry element: MS-Bioinformatics
670 ## - SOURCE DATA FOUND
- Source citation: Work cat.: (NUST): Hira Qureshi. 84379, Modeling Significant Characteristics of Complete Blood Count Reports for Screening of Leukemia using Machine Learning Methods /, 2021.
